History Quiz

Random History or Canada Quiz

Prime Ministers of Canada Quiz Stats

 Plays Quiz Updated Dec 3, 2018

     
Support Sporcle.
Go Orange.
Score 0/28 Timer 10:00
10 Plays Today
Years Prime Minister % Correct
2015-Justin Trudeau
97.8%
2006-2015Stephen Harper
92.9%
1968-1979Pierre Trudeau
92.9%
1980-1984Pierre Trudeau
92.9%
1878-1891Sir John A. Macdonald
89.5%
1867-1873Sir John A. Macdonald
89.3%
1993-2003Jean Chrétien
82.7%
2003-2006Paul Martin
80.7%
1993-1993Kim Campbell
80.5%
1921-1926William Lyon Mackenzie King
80%
1926-1930William Lyon Mackenzie King
80%
1935-1948William Lyon Mackenzie King
80%
1984-1993Brian Mulroney
78.5%
1896-1911Sir Wilfrid Laurier
72.3%
Years Prime Minister % Correct
1873-1878Alexander Mackenzie
71.1%
1963-1968Lester B. Pearson
69.7%
1957-1963John Diefenbaker
68.7%
1979-1980Joe Clark
67.5%
1911-1920Sir Robert Borden
61.6%
1984-1984John Turner
57.1%
1948-1957Louis St. Laurent
54.8%
1896-1896Sir Charles Tupper
50.6%
1930-1935Richard Bedford Bennett
50%
1920-1921Arthur Meighen
47.4%
1926-1926Arthur Meighen
47.4%
1891-1892Sir John Abbott
44.5%
1894-1896Sir Mackenzie Bowell
41.4%
1892-1894Sir John Thompson
40.8%

From the Vault

Angry Brands

by Slinenfest

They've added plenty of brands to Angry Birds. Let's see what happens when you flip that around.
Remove Ads.
Support Sporcle.
Get the best of Sporcle when you Go Orange. This ad-free experience offers more features, more stats, and more fun while also helping to support Sporcle. Thank you for becoming a member.

Show Comments

Extras

Top Quizzes Today


Score Distribution

Your Account Isn't Verified!

In order to create a playlist on Sporcle, you need to verify the email address you used during registration. Go to your Sporcle Settings to finish the process.

Report this User

Report this user for behavior that violates our Community Guidelines.

Details: